Holiday Quiz

Random Holiday or Christmas Quiz

Scrooges Quiz Stats

 Plays Quiz not verified by Sporcle

Challenge
Share
Tweet
Embed
Score 0/22 Timer 07:00
0 Plays Today
version actor % Correct
2009 Disney 3-D versionJim Carrey
75.4%
1988 modern-day NY version ('Scrooged')Bill Murray
63.6%
1992 Muppets versionMichael Caine
61%
1999 TNT remakePatrick Stewart
51.3%
1984 CBS tv-movieGeorge C. Scott
49.2%
1951 British version (aka 'Scrooge')Alastair Sim
48.7%
1972 Oscar-winning animated shortAlastair Sim
48.7%
1970 film musicalAlbert Finney
39.6%
1983 Oscar-nominated Disney shortScrooge McDuck
36.4%
First public reading; Dec. 27, 1854Charles Dickens
35.3%
1988 Blackadder versionRowan Atkinson
28.9%
version actor % Correct
2004 NBC musicalKelsey Grammar
27.8%
1938 MGM versionReginald Owen
24.6%
1978; tv special feat. famous impersonatorW.C. Fields
21.9%
1977 tv-movie version (An American Christmas Carol)Henry Winkler
19.3%
1962 animated musical (UPA studio)Mister Magoo
17.6%
Campbell Playhouse radio (orig. aired 12/23/38)Lionel Barrymore
16.6%
1935 British versionSir Seymour Hicks
11.8%
1996 Lifetime network gender-bending version ('Ebbie')Susan Lucci
11.2%
1978 animated TV special (The Stingiest Man in Town)Walter Matthau
10.7%
1998 tv movie western versionJack Palance
8.6%
oldest surviving film; 1908Thomas Ricketts
5.9%

You're not logged in!

Compare scores with friends on all Sporcle quizzes.
OR
Log In

You Might Also Like...

Show Comments

Extras

Top Quizzes Today


Score Distribution

Your Account Isn't Verified!

In order to create a playlist on Sporcle, you need to verify the email address you used during registration. Go to your Sporcle Settings to finish the process.

Report this User

Report this user for behavior that violates our Community Guidelines.

Details: